| 000 | 00369nam a2200133Ia 4500 | ||
|---|---|---|---|
| 008 | 240624s9999 xx 000 0 und d | ||
| 041 | _aeng | ||
| 082 | _a658.4012 KAP | ||
| 100 | _aKAPLAN ROBERT S | ||
| 245 | _aSTRATEGY MAPS CONVERTING INTANGIBLE ASSE | ||
| 260 |
_c2004 _aNew Delhi _bHarvard Business Review Press |
||
| 300 | _axviii, 454 p.; 23 cm. | ||
| 365 |
_c _b30 |
||
| 999 |
_c29823 _d29823 |
||